000 01081nam a22002417a 4500
999 _c6952
_d6952
003 AR-CdUCM
008 190319b ||||| |||| 00| 0 spa d
020 _a84-89297-74-6
040 _aMUNICIPALIDAD PROVINCIAL DEL CUSCO
_cBIBLIOTECA MUNICIPAL DEL CUSCO
082 _a621.93 /
_bM22
110 _aAcuerdo de Cartagena PRID-MADERA
_919601
245 _aManual del grupo andino :
_bpara aserrio y afilado de sierras cintas y sierras circulares /
260 _aLima :
_bJunta del Acuerdo de Cartagena,
_c1989.
300 _a3-182, 5-16, 10 páginas ;
_bilustraciones, figuras, tablas,
_c29 cm.
500 _aDespués del título, Proyecto Subregional de Promoción Industrial de la Madera para Construcción.
505 _aContenido: Estructura anatómica de la madera -- El corte de la madera -- La sierra cinta -- Sierras de disco -- Sierras calzadas con metal duro.
650 _aSierras circulares
_919602
650 _aSierras de cinta
_919603
650 _aManuales
_95970
710 _aComunidad Económica Europea (apoyo)
_919604
942 _2ddc
_cLIBROS
945 _aachl